000 00770nam a2200229 i 4500
001 138063
003 ES-MaACL
005 20231222062609.0
007 t|
008 070214s1948 sp r ||||1| spa d
080 _a929 Valera, Juan
080 _a914.603.51 Doña Mencía (0:82)
100 1 _aSánchez Mohedano, Gregorio.
_9102784
245 1 0 _aDon Juan Valera y Doña Mencía /
_cGregorio Sánchez Mohedano ; prólogo de don Luis Araujo Costa.
260 _aCabra (Córdoba) :
_b[s. n.],
_c1948 (
_fImp. Manuel Cordón)
300 _a88 p. ;
_c21 cm.
600 1 4 _aValera, Juan,
_d1824-1905
_9112638
651 4 _aDoña Mencía-
_xEn la literatura.
_9176202
700 1 _aAraujo-Costa, Luis.
_922362
852 4 _aES-MaACL
_j1894-F-1
999 _c138063
_d138063